Internetová publikace a elektronické publikační systémy

Uložené v:
Podrobná bibliografia
Hlavný autor: Bednář, Vojtěch (Autor)
Médium: Kniha
Jazyk:Czech
Vydavateľské údaje: Olomouc : Univerzita Palackého v Olomouci, 2007
Tagy: Pridať tag
Žiadne tagy, Buďte prvý, kto otaguje tento záznam!

MARC

LEADER 00000nam a22000003a 4500
001 stu224071
005 20150617225558.1
008 110415s2007----xr------------------cze-d
020 |a 978-80-244-1707-3 
040 |a STU  |b slo 
041 0 |a cze 
044 |a xr 
100 1 |a Bednář, Vojtěch  |4 aut 
245 1 |a Internetová publikace a elektronické publikační systémy 
260 |a Olomouc :  |b Univerzita Palackého v Olomouci,  |c 2007 
300 |a 68 s 
996 |b 284M079401  |c M*S-1516-1  |l MMKN  |s A  |a 24  |w stu224071_0001